Basic Business statistics:concepts and application/ (Record no. 3746)

000 -LEADER
fixed length control field 01285cam a2200361 a 4500
001 - CONTROL NUMBER
control field 13743847
003 - CONTROL NUMBER IDENTIFIER
control field OSt
005 - DATE AND TIME OF LATEST TRANSACTION
control field 20161128102859.0
008 - FIXED-LENGTH DATA ELEMENTS--GENERAL INFORMATION
fixed length control field 041007s2005 njua b 001 0 eng
010 ## - LIBRARY OF CONGRESS CONTROL NUMBER
LC control number 2004057509
020 ## - INTERNATIONAL STANDARD BOOK NUMBER
International Standard Book Number 9781442508439
040 ## - CATALOGING SOURCE
Original cataloging agency DLC
Transcribing agency DLC
Modifying agency DLC
042 ## - AUTHENTICATION CODE
Authentication code pcc
050 00 - LIBRARY OF CONGRESS CALL NUMBER
Classification number HF1017.B47 2009
082 00 - DEWEY DECIMAL CLASSIFICATION NUMBER
Classification number 519.5
Edition number 22
100 ## - MAIN ENTRY--PERSONAL NAME
Personal name Berenson,Mark
245 00 - TITLE STATEMENT
Title Basic Business statistics:concepts and application/
Statement of responsibility, etc Mark Berenson..[et al]
250 ## - EDITION STATEMENT
Edition statement Australian and Pacific edition
260 ## - PUBLICATION, DISTRIBUTION, ETC. (IMPRINT)
Place of publication, distribution, etc Australia :
Name of publisher, distributor, etc Pearson/Prentice Hall,
Date of publication, distribution, etc c2009.
300 ## - PHYSICAL DESCRIPTION
Extent xx, 713 p. :
Other physical details col. ill. ;
Dimensions 29 cm. +
Accompanying material 1 CD-ROM (4 3/4 in.)
504 ## - BIBLIOGRAPHY, ETC. NOTE
Bibliography, etc Includes bibliographical references and index.
538 ## - SYSTEM DETAILS NOTE
System details note System requirements for accompanying CD-ROM: Windows 98, NT, 2000, ME, and XP.
650 #0 - SUBJECT ADDED ENTRY--TOPICAL TERM
Topical term or geographic name as entry element Commercial statistics.
650 #0 - SUBJECT ADDED ENTRY--TOPICAL TERM
Topical term or geographic name as entry element Statistical decision.
700 ## - ADDED ENTRY--PERSONAL NAME
Personal name Levine,David
700 ## - ADDED ENTRY--PERSONAL NAME
Personal name Krehbiel,Timothy
700 ## - ADDED ENTRY--PERSONAL NAME
Personal name Watson,Judith
700 ## - ADDED ENTRY--PERSONAL NAME
Personal name Jayne,Nicola
856 41 - ELECTRONIC LOCATION AND ACCESS
Materials specified Table of contents
Uniform Resource Identifier <a href="http://www.loc.gov/catdir/toc/fy054/2004057509.html">http://www.loc.gov/catdir/toc/fy054/2004057509.html</a>
906 ## - LOCAL DATA ELEMENT F, LDF (RLIN)
a 7
b cbc
c orignew
d 1
e ocip
f 20
g y-gencatlg
942 ## - ADDED ENTRY ELEMENTS (KOHA)
Source of classification or shelving scheme
Koha item type Book
Holdings
Withdrawn status Lost status Source of classification or shelving scheme Damaged status Not for loan Home library Current library Shelving location Date acquired Total Checkouts Full call number Barcode Date last seen Copy number Price effective from Koha item type
          Riara University Library Riara University Library General stack 28/11/2016   HF1017.B47 2009 8782/16 28/11/2016 C.1 28/11/2016 Book

Riara University Library,
P.O. Box 49940-00100,
Nairobi, Kenya.